[Event "GER-ch 74th"]
[Site "Saarbruecken"]
[Date "2002.11.27"]
[Round "6"]
[White "Mueller, Karsten"]
[Black "Bischoff, Klaus"]
[Result "0-1"]
[WhiteElo "2518"]
[BlackElo "2554"]
[Annotator "Mueller,Karsten"]
[PlyCount "62"]
[EventDate "2002.11.22"]
[EventType "swiss"]
[EventRounds "9"]
[EventCountry "GER"]
[SourceTitle "CBM 093"]
[Source "ChessBase"]
[SourceDate "2003.04.01"]
[SourceVersion "1"]
[SourceVersionDate "2003.04.01"]
[SourceQuality "1"]

1. e4 c5 2. Nf3 e6 3. d4 cxd4 4. Nxd4 Nc6 5. Nc3 d6 6. g4 a6 7. Be3 Nge7 8. Nb3
(8. f4 Nxd4 (8... Bd7 9. Nf3 Qa5 10. Bg2 h5 11. gxh5 $6 (11. Nd2 $5) 11... d5
$1 $15 {Shirov-PolgarJ,Dos Hermanas 1996}) 9. Qxd4 Nc6 10. Qd2 b5 11. O-O-O Qa5
12. Kb1 Be7 13. g5 O-O 14. h4 $40 {Shirov-PolgarJ,Monaco 1996}) 8... b5 (8...
Ng6 9. Qe2 Be7 10. O-O-O b5 11. f4 $14 {Bologan,V-Frolov,A URS-ch58 (07) 1991})
9. Qe2 (9. f4 $5 Bb7 (9... g5 $5 10. fxg5 Ne5 11. Bd3 N7g6 12. Be2 Nh4 13. Rg1
Be7 $44 {1/2-1/2 Feletar,D-Rogic,D/Zagreb 1997/EXT 99 (55)}) 10. Qd2 (10. Qf3
g5 (10... Na5 $5 11. O-O-O Nxb3+ 12. axb3 $6 (12. cxb3 $5) 12... Rc8 13. h4 Nc6
14. g5 Qa5 15. Kb1 Nb4 16. Bd4 d5 $1 $36 {1/2-1/2 Shirov,A-Kasparov,G/Novgorod
1994/CBM 43/[Kharitonov] (48)}) 11. fxg5 Ne5 12. Qg2 b4 13. Ne2 h5 $5 14. gxh5
$6 Nf5 $1 15. Bf2 Qxg5 $3 $36 {A.Shirov-J.Polgar, Buenos Aires 1994.}) (10. Bg2
$5) 10... Nc8 (10... Na5 11. Nxa5 Qxa5 12. Bg2 d5 13. Qf2 dxe4 14. f5 Nd5 15.
fxe6 O-O-O 16. O-O $13 {1/2-1/2 Ponomariov,R-Bacrot,E/Enghien les Bains 1999/
CBM 70 (39)}) 11. O-O-O Be7 (11... Nb6 12. Nd4 Rc8 13. Qf2 Nxd4 14. Bxd4 Nc4
15. Bxc4 Rxc4 $132 {0-1 Wallace,J-Johansen,D/Canberra 2000/EXT 2001 (38)}) 12.
Kb1 O-O 13. g5 Qe8 $6 14. Rg1 b4 15. Ne2 a5 16. Ng3 a4 17. Nd4 b3 18. cxb3 axb3
19. Nxb3 Bd8 20. Bb5 Qe7 21. f5 $40 {1-0 Svidler,P-Bischoff,K/Bled 2002/EXT
2003 (34)}) (9. g5 Bb7 10. Qe2 Qc7 11. f4 Nc8 12. Qf2 Be7 13. Bg2 Bd8 14. a4 b4
15. Nb1 O-O 16. N1d2 f5 17. O-O-O Rb8 $6 18. Kb1 (18. exf5 $5 Rxf5 19. Bh3 N8e7
20. Rhe1 $36) 18... fxe4 $132 {1/2-1/2 Iordachescu,V-Bischoff,K/Ohrid 2001/CBM
84 (40)}) (9. Bg2 Ne5 $5 10. Qe2 Bb7 11. Nd2 g5 $5 12. Bxg5 Rg8 13. h4 (13. f4
Rxg5 $13) 13... h6 14. Bf4 $13 {0-1 Nijboer,F-Hall,J/Reykjavik 1998/CBM 64/
[Gofshtein,L] (58)}) 9... Bd7 (9... Na5 10. O-O-O (10. Bg2 Bb7 11. Nxa5 Qxa5
12. f4 Nc6 (12... b4 13. Nd1 e5 14. O-O exf4 15. Bxf4 Ng6 16. e5 d5 17. Be3 Bc5
18. Qf2 Bxe3 19. Nxe3 O-O 20. Nf5 Nxe5 (20... Qc7 $5) 21. Nxg7 Kxg7 22. Qf6+
Kg8 23. Qxe5 Qb6+ 24. Kh1 Rae8 25. Qg5+ Qg6 26. Qxg6+ fxg6 27. Rxf8+ Kxf8 28.
Rd1 {1/2-1/2 Haslinger,S-Kelly,B/Witley 1998/EXT 99 (28)}) (12... Ng6 $6 13.
Qf2 Rc8 14. Bb6 Qb4 15. O-O-O Qc4 {1-0 Gallagher,J-Vogt,L/Winterthur 1996/CBM
55/[Gallagher] (43)} 16. a3 $5 {(Gallagher)}) 13. O-O Be7 14. g5 Qc7 15. Qf2
Bd8 16. Ne2 O-O 17. h4 $36 {1/2-1/2 Lanka,Z-Yermolinsky,A/Luzern 1993/CBM 38 
(27)}) 10... Nc4 11. f4 Qc7 12. Rd4 Bb7 13. Rxc4 bxc4 14. Qxc4 Qxc4 15. Bxc4
$13 {0-1 Shirov,A-Salov,V/Linares 1993/CBM 34/[Boensch,U] (40)}) 10. O-O-O Nc8
{Klaus Bischoff's Spezialaufbau} 11. f4 b4 12. Nd5 {Alles oder nichts.} (12.
Nb1 $5) 12... a5 $5 {"Der Gaul auf d5 läuft mir ja nicht weg" hat sich
Bischoff hier sicher gedacht und zunächst sein Spiel gegen den weißen
Monarchen weiter verstärkt.} (12... exd5 13. exd5 N6e7 14. Bg2 $13) 13. Bg2 a4
14. Nd4 Nxd4 (14... exd5 15. Nxc6 Bxc6 16. exd5 Bd7 17. Bb6+ Qe7 18. Qf2 Nxb6
19. Rhe1 $13) 15. Bxd4 exd5 {schließt nimmt Schwarz doch an, bevor der
Springer es sich anders überlegt und wieder wegzieht.} (15... b3 16. Nc3 $13)
16. e5 Be7 17. exd6 Nxd6 18. Bxd5 Ra5 (18... Rc8 $5) 19. Bxg7 Rg8 20. Be5 Bxg4
21. Bf3 b3 $2 (21... Bxf3 {war besser, auch wenn Weiß nach} 22. Qxf3 Qc7 23.
Kb1 {durch die etwas unsichere Stellung des schwarzen Königs und die fehlende
Koordination seiner Türme noch gewisse Kompensation hat.}) {[%tqu "En","What
had Klaus Bischoff overlooked, when he choose 21...b3?","","","d1d6","",5,"De",
"Was hatte Klaus Bischoff bei 21...b3 übersehen?","","","d1d6","",5]} 22. Rxd6
$1 Qc8 (22... Bxd6 23. Bxd6+ (23. Bf6+ $2 Be7 $19) 23... Kd7 24. Rd1 Bxf3 25.
Qxf3 bxa2 26. Bb4+ Kc8 27. Rxd8+ Rxd8 28. Qc6+ Kb8 29. Bd6+ Ka7 30. Qc7+ Ka6
31. Qc4+ Kb7 32. Qxf7+ Ka6 33. Qxa2 Rxd6 34. Qc4+ $16) 23. Rc6 $1 (23. Bf6 $2 {
trifft auf den Donnerschlag} Re5 $3 ({oder das ruhige} 23... Be6) 24. fxe5 Bxf3
25. Qb5+ Kf8 26. axb3 axb3 27. Qxb3 Bxh1 28. Bxe7+ Kxe7 29. Qb4 Ke8 30. Qb5+
$11) 23... Qb7 $6 {[%tqu "En","White to move and win","","","e2c4","",-2,
"e5d6","war der richtige Zug, doch ich hatte",7,"De","Weiß zieht und gewinnt",
"","","e2c4","",-2,"e5d6","war der richtige Zug, doch ich hatte",7]} 24. Qc4 $2
(24. Bd6 $1 {war der richtige Zug, doch ich hatte} Bxf3 $6 (24... Rd5 25. Rc8+
Bxc8 26. Bxd5 Qa7 27. Re1 Be6 28. Bxe7 bxa2 29. Bxa2 $18) (24... bxa2 25. Rc8+
Bxc8 26. Bxb7 Be6 27. Bc6+ Kd8 28. Bxe7+ Kxe7 29. Kd2 $18) 25. Rc8+ Kd7 26.
Rc7+ $1 {übersehen:} Qxc7 27. Qxe7+ Kc6 28. Qxc7+ $18) 24... Rxe5 $2 (24...
bxa2 {gewinnt sofort.}) 25. Qxa4 $2 ({Nach} 25. Rg6 Qxf3 26. Rxg8+ Bf8 27.
Qxa4+ Bd7 28. Rxf8+ Kxf8 29. Qb4+ Re7 30. Re1 Be6 31. Qd4 {kann Weiß noch
kämpfen, aber Schwarz sollte dennoch langfristig auf Gewinn stehen.}) 25... Kf8
26. Bxg4 $6 (26. Qxb3 Qxb3 27. cxb3 Rc5+ 28. Rxc5 Bxc5 $17) 26... Rxg4 27. Rf1
(27. Qa6 bxa2 28. Rc8+ Kg7 29. Qxb7 a1=Q+ 30. Kd2 Qa5+ 31. c3 Bg5 $19) 27...
Ra5 28. Qxa5 Qxc6 29. axb3 Rg2 30. Qf5 Qa6 31. c4 Qa2 (31... Qa2 32. Qb1 Qxb3
$19) 0-1

[Event "Capablanca Memorial Elite 37th"]
[Site "Havana"]
[Date "2002.05.08"]
[Round "3"]
[White "Kogan, Artur"]
[Black "Bruzon Batista, Lazaro"]
[Result "0-1"]
[WhiteElo "2540"]
[BlackElo "2569"]
[Annotator "Mueller,Karsten"]
[PlyCount "74"]
[EventDate "2002.05.06"]
[EventType "tourn"]
[EventRounds "9"]
[EventCountry "CUB"]
[EventCategory "13"]
[SourceTitle "CBM 089"]
[Source "ChessBase"]
[SourceDate "2002.08.12"]
[SourceVersion "1"]
[SourceVersionDate "2002.08.12"]
[SourceQuality "1"]

1. e4 c5 2. Nf3 d6 3. Nc3 Nc6 4. d4 cxd4 5. Nxd4 e6 6. g4 {Weiß versucht es
mit dem scharfen g4, obwohl Schwarz Sf6 noch gar nicht gespielt hat.} h6 7. Bg2
(7. Be3 {wird häufiger gespielt, z.B.} Nf6 8. h3 Be7 9. Qd2 a6 10. O-O-O Nxd4
11. Qxd4 Bd7 12. f4 Bc6 13. Rg1 Nd7 14. Bc4 Qa5 15. Bxe6 fxe6 16. Qxg7 Bf6 17.
Qg6+ Ke7 18. e5 dxe5 19. Rxd7+ Kxd7 (19... Bxd7 20. Ne4 Raf8 21. Bc5+ Kd8 22.
Bxf8 Rxf8 23. Nxf6 Qxa2 24. Qg7 $18) 20. Rd1+ Ke7 21. g5 Rhf8 22. Qh7+ Rf7 23.
gxf6+ Kxf6 24. Qxh6+ Ke7 25. f5 {1-0 Kasimdzhanov,R-Van der Sterren,P/Castrop
Rauxel GER 2001/The Week in Chess 327 (25)}) (7. h4 a6 8. Bg2 Be7 9. Be3 Nxd4
10. Qxd4 e5 11. Qd1 Be6 12. Nd5 Rc8 13. c3 Nf6 14. Nxe7 Qxe7 15. g5 hxg5 16.
hxg5 $14 {1/2-1/2 Karpov,A-Kasparov,G/Moscow 1985/MAINB (32)}) 7... Bd7 $6 (
7... Nxd4 8. Qxd4 e5 9. Qd1 Nf6 10. h3 Be6 11. f4 Be7 (11... exf4 $5) 12. f5
Bc4 13. Be3 d5 14. Nxd5 Nxd5 15. exd5 Bh4+ 16. Bf2 Qg5 $6 {1-0 Jaracz,
P-Ibrahimov,R/Polanica Zdroj POL 1999 (32). (31)} (16... Qb6 17. Qd2 Bxf2+ 18.
Qxf2 Qxb2 $15)) 8. Ndb5 Qb8 9. Bf4 e5 ({Weiß hat auch nach} 9... Ne5 10. Qd4 {
die Initiative:} Nf6 (10... a6 $6 11. Nxd6+ Bxd6 12. Rd1) 11. O-O-O g5 12. Bg3
Nfxg4 13. Nxd6+) 10. Nd5 $2 {dieses Opfer geht zu weit.} (10. Be3 a6 11. Na3 ({
Das Opfer} 11. Bb6 $2 {scheint erneut nicht spielbar zu sein:} axb5 12. Nxb5
Nf6 13. Nc7+ Ke7 14. Nxa8 Qxa8 $17) 11... Nf6 12. Nd5 Nxd5 13. exd5 Ne7 14. Nc4
$14) 10... exf4 11. Ndc7+ Kd8 12. Nxa8 Ne5 $1 (12... Qxa8 $6 13. Nxd6 Kc7 14.
Nxf7 Rh7 15. Qd2 g5 16. Ne5 {gibt Weiß erheblich mehr Spiel.}) 13. Nbc7 Bc6 (
13... Nf6 14. Qe2 Ne8 {kommt auch in Betracht.}) 14. Qd4 Nf6 ({Auf die
Verwicklungen nach} 14... b5 $6 15. O-O-O Nxg4 $6 16. Rhg1 Bxa8 17. Nxa8 Qxa8
18. e5 {sollte sich Schwarz besser nicht einlassen.}) 15. O-O-O Nfd7 $1 16. Bf1
b6 17. Bb5 Bxb5 18. Nxb5 Qxa8 19. Nxd6 Qc6 $17 20. Nf5 Kc8 21. Qd2 g6 22. Nd4
Qa4 23. Kb1 Nc4 24. Qxf4 $2 (24. Qc3 Nde5 25. b3 Qa5 26. Qxa5 Nxa5 $17) 24...
Nxb2 $3 {[%mdl 640] Dieser Einschlag gibt Schwarz gewinnbringenden Angriff.}
25. Kxb2 (25. Qxf7 Nxd1 26. Qe8+ Kb7 27. Rxd1 Bg7 28. Qf7 Bxd4 29. Qd5+ Qc6 30.
Qxd4 Rh7 $19) 25... Ba3+ 26. Kc3 (26. Ka1 $2 Qb4 $19) 26... Nc5 27. Rb1 Qa5+
28. Kc4 Qa4+ 29. Kc3 Rd8 30. Rhd1 Qa5+ 31. Kc4 Qa4+ 32. Kc3 a6 33. Nc6 (33. f3
Qa5+ 34. Kc4 b5+ 35. Nxb5 axb5+ 36. Rxb5 Qa4+ 37. Kc3 Qxb5 38. Rxd8+ Kxd8 39.
Qd6+ Qd7 $19) 33... Nxe4+ 34. Qxe4 Qxe4 35. Nxd8 b5 36. Rd3 Be7 37. Rbd1 $6 (
37. Nxf7 Qc4+ 38. Kb2 Qxf7 $19) 37... Qb4# 0-1

[Event "EU-Cup 21st"]
[Site "Saint Vincent"]
[Date "2005.09.21"]
[Round "4.4"]
[White "Sigfusson, Sigurdur Dadi"]
[Black "Bischoff, Klaus"]
[Result "1/2-1/2"]
[WhiteElo "2344"]
[BlackElo "2560"]
[Annotator "Mueller,Karsten"]
[PlyCount "114"]
[EventDate "2005.09.18"]
[EventType "team-swiss"]
[EventRounds "7"]
[EventCountry "ITA"]
[SourceTitle "CBM 110"]
[Source "ChessBase"]
[SourceDate "2006.01.31"]
[SourceVersion "1"]
[SourceVersionDate "2006.01.31"]
[SourceQuality "1"]
[WhiteTeam "Reykjavik Hellir"]
[BlackTeam "Tegernsee"]
[WhiteTeamCountry "ISL"]
[BlackTeamCountry "GER"]

1. e4 c5 2. Nf3 e6 3. d4 cxd4 4. Nxd4 Nc6 5. Nc3 d6 6. Be3 a6 7. g4 Bd7 8. g5
Nge7 9. Nb3 Nc8 10. f4 b5 11. Qf3 Be7 12. O-O-O b4 13. Nb1 a5 14. N1d2 e5 15.
Kb1 a4 16. Nc1 exf4 17. Qxf4 Ne5 18. Nd3 Nxd3 19. Bxd3 Qc7 20. Bd4 O-O 21. e5
dxe5 22. Bxe5 Bd6 23. Bxd6 Nxd6 24. Ne4 Ne8 25. Qh4 g6 26. Nf6+ Nxf6 27. gxf6
Kh8 28. Rhe1 Ra5 29. Bxg6 fxg6 30. Re7 Rh5 31. Qd4 Qc5 32. Qxd7 b3 33. Re2 Rxf6
34. Qxa4 Re5 35. Red2 bxa2+ 36. Qxa2 Kg7 37. Qa4 Kh6 38. Qh4+ Kg7 39. Rd7+ Re7
40. b4 Qe5 41. Re1 Qxe1+ 42. Qxe1 Rxd7 43. Kb2 Kf7 44. Kb3 Rf3+ 45. c3 Rc7 46.
Qe5 Rfxc3+ $1 {[%mdl 256] Trotz des entfernten b-Freibauern ist das
Bauernendspiel gerade so remis:} 47. Qxc3 Rxc3+ 48. Kxc3 Ke6 49. Kc4 Kd6 50.
Kb5 Kc7 51. Kc5 Kb7 52. Kd5 Kb6 53. Ke5 Kb5 54. Kf6 Kxb4 55. h4 Kc5 56. Kg7 h5
(56... Kd6 57. Kxh7 Ke7 58. Kxg6 Kf8 $11 {reicht ebenfalls aus.}) 57. Kxg6 Kd6
(57... Kd6 58. Kxh5 Ke7 59. Kg6 Kf8 $1 $11) 1/2-1/2

[Event "Sigeman & Co 10th"]
[Site "Malmo"]
[Date "2002.06.10"]
[Round "5"]
[White "Hector, Jonny"]
[Black "Nielsen, Peter Heine"]
[Result "1-0"]
[WhiteElo "2513"]
[BlackElo "2636"]
[Annotator "Mueller,Karsten"]
[PlyCount "57"]
[EventDate "2002.06.06"]
[EventType "tourn"]
[EventRounds "9"]
[EventCountry "SWE"]
[EventCategory "13"]
[SourceTitle "CBM 090"]
[Source "ChessBase"]
[SourceDate "2002.09.20"]
[SourceVersion "1"]
[SourceVersionDate "2002.09.20"]
[SourceQuality "1"]

1. e4 c5 2. Nf3 e6 3. d4 cxd4 4. Nxd4 a6 5. Nc3 d6 6. g4 b5 (6... h6 7. Bg2 Ne7
8. Be3 Nbc6 9. Qe2 Nxd4 10. Bxd4 Nc6 11. Be3 Be7 12. O-O-O Bf6 13. f4 $14 {
1/2-1/2 Nikolaidis,I-Banikas,H/Aegina 1995/EXT 95op (59)}) 7. Bg2 (7. a3 h6 (
7... Bb7 $5 8. g5 (8. Bg2 $5) 8... Ne7 9. Be3 d5 (9... Nd7 10. Qd2 d5 $132 {
0-1 Jonsson,B-Arnason,J/Reykjavik 2000/CBM 79 ext (32)}) 10. Nb3 Nd7 11. Bg2
dxe4 12. Bxe4 Bxe4 13. Nxe4 Nf5 $11 {0-1 Thorhallsson,T-Ehlvest,J/Reykjavik
ISL 2001/The Week in Chess 364 (44)}) 8. Bg2 Bb7 9. O-O (9. h4 Be7 10. g5 hxg5
11. hxg5 Rxh1+ 12. Bxh1 $14 {1/2-1/2 Wach,M-Sax,G/Balatonbereny 1996/CBM 55/
[Psakhis] (31). (31)}) 9... Nd7 (9... g5 $5) 10. f4 Rc8 11. Be3 g5 $13 {
Short- Kasparov ,Amsterdam 1994}) 7... Bb7 8. O-O (8. Be3 Nd7 (8... b4 9. Nce2
Nf6 10. Ng3 d5 11. e5 Ne4 12. f3 Nc5 13. f4 $14 {0-1 Luther,T-Stangl,M/Graz
AUT 2002/The Week in Chess 377 (48)}) 9. f4 $5 b4 10. Nce2 $6 (10. Na4 $5 Ngf6
11. O-O $1 Nxe4 (11... Bxe4 12. Bxe4 Nxe4 13. f5 e5 14. Nc6 $36) 12. f5 e5 13.
Ne6 $1 $40 {ist ein Vorschlag von L.Gofshtein. Ganz klar ist die Sache
allerdings nicht, da Schwarz das Opfer nicht annehmen muss.} Qa5 14. Nxf8 Rxf8
15. c3 Bc6 16. cxb4 Qxb4 17. a3 Qxa4 18. Qxa4 Bxa4 19. Bxe4 Rb8 20. b4 Nf6)
10... Ngf6 11. Ng3 Nc5 12. f5 e5 13. Nb3 Ncxe4 14. g5 Qc7 $1 $17 {0-1 Jonsson,
B-Akesson,R/Reykjavik 1998/CBM 64/[Gofshtein,L] (35)}) 8... Nd7 (8... Ne7 $5 9.
f4 (9. a3 $5) 9... Nbc6 10. Be3 Nxd4 11. Qxd4 Nc6 $11 {/+/= 1/2-1/2 Sisniega,
M-Vera,R/Linares 1992/EXP 33 (30). (30)}) (8... b4 9. Nce2 Nf6 10. Ng3 h6 11.
a3 e5 12. Ndf5 bxa3 13. Rxa3 g6 14. Ne3 Nbd7 15. b4 $14 {1-0 Hort,V-Ree,H/
Amsterdam 1994/CBM 43 (44)}) 9. a4 $5 $146 (9. a3 g5 10. Qe2 Ne5 11. f4 gxf4
12. Bxf4 Bg7 13. Rad1 Ne7 14. Bg5 h6 (14... Rg8 $5) 15. Bh4 N5g6 16. Qf2 O-O $6
17. Bf6 Bxf6 18. Qxf6 Kh7 $6 19. Nf5 $1 Qb6+ (19... exf5 20. Rxd6 Qc7 21. gxf5
$16) 20. Kh1 exf5 21. gxf5 Nxf5 22. Rxf5 Rad8 23. Rd3 Qc7 24. Rh5 Bc8 25. Qg5
Rh8 26. Nd5 Kg8 27. Rxh6 {1-0 Ionov,S-Agrest,E/St.Petersburg op 1992/EXT 92op 
(27).}) (9. g5 Ne7 10. f4 e5 11. Nf5 Nxf5 12. exf5 Qb6+ 13. Rf2 Bxg2 14. Kxg2
Qb7+ 15. Qd5 O-O-O 16. a4 $14 {1-0 Ponomariov,R-Milov,V/Torshavn FAI 2000/The
Week in Chess 310 (32)}) 9... bxa4 $2 {dieser Zug gefällt mir nicht, weil Weiß
nun eine brettumspannende Initiative erhält, die in Hectors Händen schnell
sehr gefährlich werden kann.} ({Ich schlage} 9... b4 {vor, muss allerdings
zugeben, dass auch so die weiße Initiative nicht vollständig ausgetrocknet
werden kann. Eine mögliche Variante lautet:} 10. Na2 Ngf6 (10... Qh4 $5 {Fritz}
) 11. Nxb4 Bxe4 (11... Qc7 $2 12. Re1 d5 13. Nxd5 $16) 12. Bxe4 Nxe4 13. Re1 d5
14. Nxd5 exd5 15. f3 Bc5 16. fxe4 O-O 17. exd5 Nb6 18. b3 Nxd5 19. Bb2 Qf6 $44)
10. Rxa4 Nc5 11. Ra3 Nf6 12. Re1 e5 $6 (12... h6 $5) 13. b4 (13. Nf5 $5 g6 14.
Nh6 Ne6 15. Be3 {müsste näher geprüft werden.}) 13... Ncd7 $2 {nach diesen
Rückzug gerät Peter Heine Nielsen stark unter Druck.} ({Er hätte mit} 13...
exd4 {dagegen halten sollen:} 14. bxc5 dxc3 15. e5 dxe5 16. Bxb7 Qxd1 17. Rxd1
Rd8 18. Rxd8+ Kxd8 19. g5 Nd7 $11) 14. g5 (14. Nf5 $5 d5 $2 15. exd5 Bxb4 (
15... g6 16. Nd4 Bxb4 17. Nc6 Bxc6 18. dxc6 $16) 16. Nxg7+ Kf8 17. Bh6 Kg8 18.
Rb3 $16) 14... exd4 15. e5 (15. Qxd4 $5 {erfordert weniger Vorausberechnung
und sieht auch interessant aus. Hector Zug ist wesentlich schärfer und
dynamischer. Typisch Hector!}) 15... dxe5 (15... Bxg2 $2 16. exd6+ Ne5 17.
Rxe5+ Kd7 18. gxf6 gxf6 19. Qg4+ Kxd6 20. Re1 Kc7 21. Qxg2 $18) 16. Bxb7 dxc3 (
16... Bxb4 $2 17. Qxd4 Qe7 (17... Bxa3 $2 18. Bxa3 $18) 18. Qc4 Bxa3 19. gxf6
$16) (16... Rb8 17. Bc6 Qc7 (17... Qc8 $2 18. Ba4 Bxb4 (18... Rxb4 19. gxf6
Rxa4 20. Nxa4 Bxa3 21. Bxa3 $16) 19. gxf6 Bxa3 20. Rxe5+ Kd8 21. Qxd4 Rb4 22.
fxg7 Rg8 23. Bg5+ $18) 18. Rxa6 dxc3 19. gxf6 gxf6 20. Qf3 $14) (16... Ra7 17.
Bc6 Qb6 18. Qf3 $40) 17. gxf6 gxf6 18. Qd5 $3 {[%mdl 128] diese
Zentralisierung der Dame ist eine starke Fortsetzung des weißen Angriffs, der
auf seinem weißfeldrigen Druck beruht. Schwarz spürt sehr schmerzlich, dass
ihm der weißfeldrige Läufer fehlt.} (18. Bxa8 Qxa8 19. Qg4 $44) 18... Ra7 (
18... Rb8 $2 19. Rd1 Rg8+ 20. Kh1 Qc7 21. Bc6 Rd8 22. Rxc3 $18) 19. Rxa6 ({Nach
} 19. Be3 $5 Bxb4 20. Rb3 Rxb7 21. Qxb7 {kann Schwarz zwar seinen Läufer auf
b4 befestigen, aber der weiße Angriff geht dennoch weiter:} a5 22. Rxb4 axb4
23. Ra1 O-O (23... Rg8+ 24. Kh1 b3 25. cxb3 Nb8 26. h3 c2 27. Kh2 $16) 24. Rd1
$14 {/+/-}) (19. Rxc3 $5 {kam ebenfalls stark in Betracht, z.B.} Bxb4 20. Rc8
Qxc8 (20... Bxe1 21. Rxd8+ Kxd8 22. Bc6 $16) 21. Bxc8 Bxe1 22. Bxd7+ Rxd7 23.
Qa8+ Rd8 24. Qxa6 Rd1 25. Qa8+ Rd8 26. Qa4+ Ke7 27. Ba3+ Ke6 28. Qg4+ f5 29.
Qc4+ Kd7 30. Qxf7+ Kc6 31. Qe6+ $16) 19... Rxa6 20. Bxa6 Rg8+ (20... Bxb4 $2
21. Bc4 Rf8 (21... Qc7 22. Rd1 O-O 23. Bh6 Kh8 24. Kh1 Nb6 25. Rg1 $18) 22. Bh6
$16) 21. Kh1 Rg4 {[%mdl 256] eine sehr kreative Verteidigung!} (21... Qc7 $2
22. Rd1 Nb6 23. Bb5+ Ke7 24. Qf3 Ke6 25. Qh3+ f5 26. Bd3 $16) 22. Be3 {
verhindert Td4. Direktere Versuche kamen allerdings auch in Betracht:} (22. Bb5
Rxb4 (22... Qc7 $6 23. Rd1 Rd4 24. Rxd4 exd4 25. Bf4 Qc8 26. f3 Bxb4 27. Qxd4
Be7 28. Kg2 $16) 23. Rd1 Rxb5 24. Qxb5 $14) (22. Rd1 Rd4 23. Rxd4 exd4 24. Bb5
$14) 22... Rxb4 23. Bb5 Rxb5 $1 {dieser Störenfried muss beseitigt werden,
sonst schlägt der weiße Angriff durch:} (23... Qc7 $2 24. Bc6 Rb8 25. Rd1 Rd8
26. Qb5 Ke7 27. Bxd7 Rxd7 28. Rxd7+ Qxd7 29. Bc5+ $18) (23... Bd6 $2 24. Ra1
Rxb5 25. Qxb5 $16) 24. Qxb5 Qa8+ 25. Kg1 Qe4 26. h3 (26. Ra1 $5 {mit der Idee
die Damen abzutauschen, kam in Betracht:} Bd6 (26... Qg4+ 27. Kf1 Qf3 28. Qa6
Bd6 29. Qa8+ $14) 27. Qa4 $14) 26... Qg6+ $2 ({Hat Weiß nach} 26... Qxc2 {
mehr als} 27. Rc1 Qg6+ 28. Kh2 f5 29. Rxc3 Bd6 30. Rc8+ Ke7 31. Qa5 e4+ 32. Kh1
Qh5 $11 {? Jonny Hector hätte sicher noch irgendetwas aus dem Hut gezaubert...}
) 27. Kh2 $16 Bd6 (27... Qxc2 28. Qc6 Bb4 (28... Bh6 29. Bc5 Kd8 30. Ra1 Bf4+
31. Kh1 $18) 29. Ra1 Ke7 30. Ra7 Qd3 31. Qa4 Qd6 32. Rxd7+ Qxd7 33. Qxb4+ $16)
28. Rd1 Ke7 29. Qd5 (29. Qd5 f5 30. Bg5+ Qxg5 31. Qxd6+ $18) 1-0

[Event "EU-ch 4th"]
[Site "Istanbul"]
[Date "2003.06.11"]
[Round "11"]
[White "Mastrovasilis, Dimitrios"]
[Black "Bischoff, Klaus"]
[Result "1-0"]
[WhiteElo "2456"]
[BlackElo "2564"]
[Annotator "Mueller,Karsten"]
[PlyCount "53"]
[EventDate "2003.05.30"]
[EventType "swiss"]
[EventRounds "13"]
[EventCountry "TUR"]
[SourceTitle "CBM 096"]
[Source "ChessBase"]
[SourceDate "2003.09.25"]
[SourceVersion "1"]
[SourceVersionDate "2003.09.25"]
[SourceQuality "1"]

1. e4 c5 2. Nf3 e6 3. d4 cxd4 4. Nxd4 Nc6 5. Nc3 d6 6. Be3 a6 7. f4 Bd7 8. Qf3
Nxd4 9. Bxd4 Ne7 {Klaus Bischoff''s Spezialaufbau. Auf f6 wäre der Springer
Anrempelungen durch e5 und g5 ausgesetzt.} 10. O-O-O Nc6 11. Bf2 b5 12. e5 (12.
Kb1 Be7 13. h4 Rc8 14. g4 Qc7 15. Bd3 O-O 16. g5 Nb4 17. a3 Nxd3 18. Qxd3 a5
19. f5 b4 20. f6 bxc3 (20... gxf6 $5) 21. fxe7 Rfe8 22. Qxd6 Qb7 23. Qb6 Bc6 $2
(23... Qxe4 $5) 24. Qxb7 Bxb7 25. Rhe1 cxb2 $2 (25... Rxe7 $142) 26. Rd7 $16 {
1-0 Lutz,C-Bischoff,K/Fuerstenfeld AUT 2003/The Week in Chess 437 (45)}) 12...
d5 (12... dxe5 13. fxe5 Nxe5 14. Qe4 f6 15. Bg3 $44) 13. Kb1 Be7 14. Bd3 Rc8
15. g4 Qc7 16. Rhf1 Nb4 17. f5 Nxd3 18. cxd3 Qxe5 (18... b4 19. Ne2 h5 20. Rc1
Qxe5 21. Rxc8+ Bxc8 22. Bd4 hxg4 23. Qxg4 exf5 24. Qf3 Qxh2 25. Nf4 $44) 19.
Rde1 Qf6 (19... Qd6 $6 20. Bd4 f6 21. g5 O-O 22. fxe6 Bxe6 23. Qe3 Rc6 24. gxf6
Bxf6 25. Bxf6 Rxf6 26. Rxf6 gxf6 27. Ne2 $36) 20. Bg3 O-O 21. Be5 Qh4 $6 (21...
Qh6 $142 $13) 22. Bg3 Qf6 $6 (22... Qh6 {mit der Idee} 23. Nxd5 (23. h4 Bxh4
24. Rh1 Bxg3) 23... Bc5 {. Allerdings ist die schwarze Stellung wenig
vertrauenerweckend.}) 23. h4 Bb4 $6 (23... Bc5 $6 24. Be5 Qxh4 25. f6 Rfe8 26.
fxg7 Qe7 27. Rh1 $18) (23... Rxc3 $1 24. Be5 Qxh4 (24... Qxe5 $6 25. Rxe5 Rc6
26. g5 $18) 25. Bxc3 Qg5 $16) (23... Rfe8 $6 24. Be5 Qh6 25. g5 Qxh4 26. Rh1
$18) {[%tqu "En","White to move and win","","","g3e5","",5,"De","Weiß zieht
und gewinnt","","","g3e5","",5]} 24. Be5 $1 $18 Qd8 (24... Qxh4 25. Rh1 Qg5 26.
Rh5 Qd8 27. f6 g6 28. Qf4 $18) 25. f6 $1 g5 (25... Re8 26. Qf4 a5 27. a3 Bc5
28. d4 $18) (25... g6 26. Qf4 {[%cal Gf4h6,Gf4b4]} Re8 27. Qxb4 $18) (25...
Bxc3 26. fxg7 Bxe5 27. gxf8=Q+ Qxf8 28. Rxe5 $18) 26. hxg5 d4 27. Qh3 (27. Qh3
dxc3 28. Qh6 c2+ 29. Ka1 $18) 1-0